000 00311nam a22001457a 4500
008 231004b ||||| |||| 00| 0 eng d
020 _a0393025365
041 _aeng
080 _a521
082 _a521CHA
100 _a19
101 _aASTRO
245 _aRELATIVELY SPEAKING
_cCHAISSON.E
942 _2udc
_cBK
999 _c60425
_d60425